000 00629nam a22002177a 4500
003 UA-OsUOA
001 104257
007 ta
008 20131210b un ||||| |||| 00| 0 ukr d
100 _aДобренко О.
090 _a330(477)
_bД55
942 _cSA
040 _aUA-OsUOA
_bukr
_cUA-OsUOA
_dUA-OsUOA
245 _aЕкономічні категорії професійного ринку праці
300 _aС.38-43
955 _a0
041 _aukr
080 _a330(477)
773 0 _w104255
_tУкраїна: аспекти праці
_dК.
_d2013
_g7
650 7 _a330 Економіка взагалі
_2UDC
999 _c390694
_d390694